[Event "Cali Valle Colombia op-B"]
[Site "Cali Valle Colombia"]
[Date "2022.12.29"]
[Round "6"]
[White "Schuettler, Thomas"]
[Black "Lopez de Anda, Edgar"]
[Result "1/2-1/2"]
[WhiteElo "1890"]
[BlackElo "1693"]
[PlyCount "68"]
[EventDate "2022.12.26"]
[EventType "swiss"]
[EventRounds "8"]
[EventCountry "COL"]
[SourceTitle "CBM 211 Extra"]
[Source "ChessBase"]
[SourceDate "2023.01.31"]
[SourceVersion "1"]
[SourceVersionDate "2023.01.31"]
[SourceQuality "1"]

1. d4 Nf6 2. c4 e5 3. dxe5 Ng4 4. Nf3 Nc6 5. Nc3 Bb4 6. Qc2 Ngxe5 7. Nxe5 Nxe5 8. e3 0-0 9. a3 Bxc3+ 10. Qxc3 d6 11. b4 b6 12. Bb2 f6 13. Be2 Bb7 14. 0-0 Qe8 15. c5 dxc5 16. bxc5 Rd8 17. Rad1 Qg6 18. f3 Rxd1 19. Qb3+ Qf7 20. Qxf7+ Kxf7 21. Rxd1 Ke7 22. cxb6 axb6 23. Kf2 Rd8 24. Rxd8 Kxd8 25. f4 Nf7 26. Bd3 h6 27. e4 Ke7 28. Bc3 Kd6 29. Ke3 c5 30. Bc4 Ke7 31. g4 Bc6 32. Bd3 Bd7 33. h3 Bc8 34. Be1 Be6 1/2-1/2

[Event "Cali Valle Colombia op-B"]
[Site "Cali Valle Colombia"]
[Date "2022.12.26"]
[Round "1"]
[White "Montoya Altamirano, Juan Pablo"]
[Black "Schuettler, Thomas"]
[Result "0-1"]
[WhiteElo "1151"]
[BlackElo "1890"]
[PlyCount "46"]
[EventDate "2022.12.26"]
[EventType "swiss"]
[EventRounds "8"]
[EventCountry "COL"]
[SourceTitle "CBM 211 Extra"]
[Source "ChessBase"]
[SourceDate "2023.01.31"]
[SourceVersion "1"]
[SourceVersionDate "2023.01.31"]
[SourceQuality "1"]

1. d4 d5 2. Bf4 c5 3. c3 Nc6 4. Nf3 Qb6 5. b3 Nf6 6. h3 Bf5 7. e3 e6 8. Be2 Be7 9. 0-0 0-0 10. Re1 a5 11. Bd3 Ne4 12. Nfd2 Nxf2 13. Kxf2 Bxd3 14. Nf3 Bg6 15. Nbd2 a4 16. Ne5 Nxe5 17. Bxe5 f6 18. Bg3 Ra6 19. Kg1 Rfa8 20. e4 dxe4 21. Nxe4 axb3 22. a4 b2 23. Rb1 Rxa4 0-1

[Event "Hamburg-chT Landesliga 1415"]
[Site "Hamburg"]
[Date "2015.04.18"]
[Round "8.4"]
[White "Seifer, Gregor Fabian"]
[Black "Schuettler, Thomas"]
[Result "1-0"]
[WhiteElo "1979"]
[BlackElo "1862"]
[PlyCount "89"]
[EventDate "2014.09.21"]
[EventType "team-tourn"]
[EventRounds "9"]
[EventCountry "GER"]
[SourceTitle "EXT 2022"]
[Source "ChessBase"]
[SourceDate "2021.10.06"]
[SourceVersion "1"]
[SourceVersionDate "2021.10.06"]
[SourceQuality "1"]
[WhiteTeam "Hamburg Koenigsspringer III"]
[BlackTeam "St Pauli III"]
[WhiteTeamCountry "GER"]
[BlackTeamCountry "GER"]

1. d4 d5 2. Bf4 Nf6 3. e3 e6 4. Bd3 c5 5. c3 Nc6 6. Nd2 cxd4 7. exd4 Bd6 8. Bg3 Qc7 9. Ngf3 Nh5 10. Bxd6 Qxd6 11. g3 Bd7 12. Qe2 g6 13. Qe3 Ng7 14. 0-0 h5 15. Qg5 Qe7 16. Qf4 Rd8 17. Rfe1 Bc8 18. Re2 Qd6 19. Qf6 0-0 20. Ne5 Qe7 21. Qf4 Nxe5 22. dxe5 f5 23. Nf3 Ne8 24. Qh6 Qg7 25. Qg5 Nc7 26. h3 Rd7 27. Kg2 Kh7 28. Qe3 a6 29. Ng5+ Kg8 30. f4 Rfd8 31. Qd4 Qe7 32. g4 b6 33. Qxb6 d4 34. c4 Bb7+ 35. Kg3 Rb8 36. Rg1 Rdd8 37. Qa5 Kh8 38. Kh2 hxg4 39. hxg4 Kg7 40. Qxc7 Rh8+ 41. Kg3 Qxc7 42. Nxe6+ Kf7 43. Nxc7 fxg4 44. e6+ Kg7 45. Kxg4 1-0

[Event "Bargteheide op"]
[Site "Bargteheide"]
[Date "2013.05.12"]
[Round "7"]
[White "Schuettler, Thomas"]
[Black "Ghadimi, Mohammed Reza"]
[Result "1/2-1/2"]
[WhiteElo "1977"]
[BlackElo "2147"]
[PlyCount "46"]
[EventDate "2013.05.09"]
[EventType "swiss"]
[EventRounds "7"]
[EventCountry "GER"]
[SourceTitle "CBM 154 Extra"]
[Source "ChessBase"]
[SourceDate "2013.06.25"]
[SourceVersion "2"]
[SourceVersionDate "2013.06.25"]
[SourceQuality "1"]

1. d4 Nf6 2. c4 g6 3. Nc3 d5 4. Nf3 Bg7 5. Bg5 Ne4 6. cxd5 Nxg5 7. Nxg5 e6 8. Qd2 h6 9. Nf3 exd5 10. Qe3+ Be6 11. 0-0-0 Nc6 12. h4 0-0 13. Qf4 Qf6 14. Qxc7 Rfc8 15. Qg3 Nb4 16. Kd2 Qd8 17. a3 Nc6 18. e3 Qb6 19. Rb1 Na5 20. Bd3 Nc4+ 21. Ke2 Qb3 22. Nd2 Nxd2 23. Kxd2 Qb6 1/2-1/2

[Event "San Sebastian op 36th"]
[Site "San Sebastian"]
[Date "2013.03.29"]
[Round "8"]
[White "Fuente San Sebastian, Ernesto"]
[Black "Schuettler, Thomas"]
[Result "0-1"]
[WhiteElo "1838"]
[BlackElo "1993"]
[PlyCount "66"]
[EventDate "2013.03.23"]
[EventType "swiss"]
[EventRounds "9"]
[EventCountry "ESP"]
[SourceTitle "CBM 153 Extra"]
[Source "ChessBase"]
[SourceDate "2013.04.22"]
[SourceVersion "1"]
[SourceVersionDate "2013.04.22"]
[SourceQuality "1"]

1. e4 c5 2. c3 Nf6 3. e5 Nd5 4. Nf3 e6 5. d4 cxd4 6. cxd4 d6 7. Bc4 Nc6 8. 0-0 Be7 9. Bd2 0-0 10. Nc3 Nxc3 11. Bxc3 dxe5 12. dxe5 Qxd1 13. Rfxd1 Rd8 14. Rxd8+ Bxd8 15. Rd1 Kf8 16. Bb4+ Ke8 17. Bd6 Bd7 18. Nd2 Ne7 19. Ne4 Bc6 20. Nc3 Rc8 21. Bd3 Nd5 22. Nxd5 Bxd5 23. Bb5+ Bc6 24. Rc1 Kd7 25. Bxc6+ Rxc6 26. Rxc6 Kxc6 27. Kf1 Kd5 28. Ke2 Bb6 29. b3 Bd4 30. Bb8 a6 31. f4 Ke4 32. g3 h5 33. Bd6 h4 0-1

[Event "Liberec op 11th"]
[Site "Liberec"]
[Date "2010.10.30"]
[Round "9"]
[White "Kaderabek, Jiri"]
[Black "Schuettler, Thomas"]
[Result "1-0"]
[WhiteElo "2146"]
[BlackElo "2003"]
[PlyCount "45"]
[EventDate "2010.10.23"]
[EventType "swiss"]
[EventRounds "9"]
[EventCountry "CZE"]
[SourceTitle "EXT 2011"]
[Source "ChessBase"]
[SourceDate "2010.11.26"]
[SourceVersion "1"]
[SourceVersionDate "2010.11.26"]
[SourceQuality "1"]

1. d4 d5 2. Nf3 c6 3. Bf4 Nf6 4. e3 Bf5 5. Bd3 e6 6. 0-0 Be7 7. Bxf5 exf5 8. c4 Nbd7 9. Nc3 dxc4 10. d5 Ne4 11. dxc6 bxc6 12. Nd4 Ndc5 13. Nxf5 g5 14. Nxe4 Nxe4 15. Qa4 Qd5 16. Nxe7 Kxe7 17. Rad1 Qb5 18. Qc2 f5 19. Bg3 Rad8 20. f3 Nxg3 21. hxg3 Rd3 22. b3 Rhd8 23. bxc4 1-0

[Event "Wichern op 6th"]
[Site "Hamburg"]
[Date "2001.10.18"]
[Round "6.58"]
[White "Becker, Thomas"]
[Black "Schuettler, Thomas"]
[Result "1/2-1/2"]
[WhiteElo "1888"]
[BlackElo "1838"]
[PlyCount "58"]
[EventDate "2001.10.21"]
[EventType "swiss"]
[EventRounds "9"]
[EventCountry "GER"]
[SourceTitle "EXT 2002"]
[Source "ChessBase"]
[SourceDate "2001.11.25"]
[SourceVersion "1"]
[SourceVersionDate "2001.11.25"]
[SourceQuality "1"]

1. e4 c5 2. Nf3 Nc6 3. d4 cxd4 4. Nxd4 e5 5. Nb5 a6 6. Nd6+ Bxd6 7. Qxd6 Qf6 8. Qc7 Nge7 9. Nc3 Nb4 10. Bd3 d5 11. 0-0 d4 12. Ne2 Nxd3 13. cxd3 Nc6 14. f4 0-0 15. a3 Qd8 16. Qxd8 Rxd8 17. Bd2 Bg4 18. Ng3 Be6 19. Rac1 Rac8 20. Nf5 Bxf5 21. exf5 f6 22. g4 Kf7 23. Rfe1 g6 24. fxg6+ hxg6 25. Kg2 Rh8 26. b4 Rh4 27. h3 Rch8 28. Rh1 Re8 29. Rce1 Rhh8 1/2-1/2

[Event "Wichern op 6th"]
[Site "Hamburg"]
[Date "2001.10.17"]
[Round "5.50"]
[White "Schuettler, Thomas"]
[Black "Jaber, Daniel"]
[Result "0-1"]
[WhiteElo "1838"]
[BlackElo "2012"]
[PlyCount "44"]
[EventDate "2001.10.21"]
[EventType "swiss"]
[EventRounds "9"]
[EventCountry "GER"]
[SourceTitle "EXT 2002"]
[Source "ChessBase"]
[SourceDate "2001.11.25"]
[SourceVersion "1"]
[SourceVersionDate "2001.11.25"]
[SourceQuality "1"]

1. d4 d5 2. Nf3 e6 3. c4 c6 4. Nc3 dxc4 5. e3 b5 6. Ne5 Nf6 7. Qf3 Qb6 8. g3 Bb7 9. Bg2 Nbd7 10. Nxc6 Rc8 11. d5 Nxd5 12. Nd4 Ne5 13. Qe4 Nd3+ 14. Kf1 b4 15. Nxd5 Bxd5 16. Qg4 Bxg2+ 17. Kxg2 Qb7+ 18. Kg1 h5 19. Qe2 h4 20. h3 hxg3 21. fxg3 Bd6 22. Kh2 Rxh3+ 0-1

[Event "Wichern op 6th"]
[Site "Hamburg"]
[Date "2001.10.14"]
[Round "2.51"]
[White "Schulze, Joachim"]
[Black "Schuettler, Thomas"]
[Result "1/2-1/2"]
[WhiteElo "2040"]
[BlackElo "1838"]
[PlyCount "79"]
[EventDate "2001.10.21"]
[EventType "swiss"]
[EventRounds "9"]
[EventCountry "GER"]
[SourceTitle "EXT 2002"]
[Source "ChessBase"]
[SourceDate "2001.11.25"]
[SourceVersion "1"]
[SourceVersionDate "2001.11.25"]
[SourceQuality "1"]

1. e4 c5 2. Nf3 Nc6 3. d4 cxd4 4. Nxd4 e5 5. Nb5 a6 6. Nd6+ Bxd6 7. Qxd6 Qf6 8. Qd1 Qg6 9. f3 Nge7 10. Nc3 d5 11. Nxd5 Nxd5 12. Qxd5 0-0 13. Qd2 f5 14. Bd3 fxe4 15. Bxe4 Bf5 16. Bxf5 Qxf5 17. c3 e4 18. 0-0 Rad8 19. Qg5 exf3 20. Qxf5 Rxf5 21. g4 Rfd5 22. Bf4 Rf8 23. Bg3 Ne5 24. Bxe5 Rxe5 25. Rad1 Re2 26. Rf2 Rfe8 27. Rd2 h6 28. h3 R8e7 29. Rh2 Kh7 30. Kf1 R2e3 31. Kf2 Kg6 32. Kg3 h5 33. gxh5+ Kxh5 34. Rhf2 Rf7 35. Rd5+ Kh6 36. h4 Rf6 37. Rd4 Re2 38. Rxf3 Rxb2 39. Rxf6+ gxf6 40. Rb4 1/2-1/2

[Event "Wichern op 5th"]
[Site "Hamburg"]
[Date "1999.10.20"]
[Round "7"]
[White "Hanewinkel, Winfried"]
[Black "Schuettler, Thomas"]
[Result "1/2-1/2"]
[WhiteElo "2045"]
[BlackElo "1794"]
[PlyCount "80"]
[EventDate "1999.10.15"]
[EventType "swiss"]
[EventRounds "9"]
[EventCountry "GER"]
[SourceTitle "EXT 2001"]
[Source "ChessBase"]
[SourceDate "2000.11.22"]
[SourceVersion "1"]
[SourceVersionDate "2000.11.22"]
[SourceQuality "1"]

1. d4 d5 2. c4 dxc4 3. Qa4+ Nd7 4. e3 c6 5. Qxc4 Ngf6 6. Nf3 Nb6 7. Qb3 Be6 8. Qc2 Bg4 9. Be2 e6 10. Bd2 Bd6 11. Bc3 Nbd5 12. a3 Bc7 13. Nbd2 Rc8 14. Rd1 h6 15. Nc4 Nxc3 16. bxc3 0-0 17. 0-0 Bf5 18. Bd3 Bxd3 19. Qxd3 c5 20. dxc5 Qxd3 21. Rxd3 Bb8 22. Nce5 Rxc5 23. Nd7 Nxd7 24. Rxd7 Rxc3 25. Rxb7 Rxa3 26. Rd1 Rc3 27. Rdb1 Rcc8 28. g3 a5 29. R1b5 Rc1+ 30. Kg2 Bc7 31. Ra7 Rc4 32. Rbb7 Bb8 33. Rxa5 Rc7 34. Rab5 Rxb7 35. Rxb7 Bd6 36. Nd4 Bc5 37. Nc6 f6 38. h4 e5 39. Rb5 Bd6 40. Rd5 Ba3 1/2-1/2